00847nam a2200253 a 4500001001000000003000900010005001700019007000300036008004100039040003000080041000800110082002400118100003600142245010400178264003600282300004500318336002700363337003300390338002800423500006300451650002400514650002700538700002800565000013092DO-SdBNP20250129091751.0ta091120s1981 dr a 000 j spa d aDO-SdBNPbspacBNPHUerda hspa aRD863.44bS787c2221 aStanley, Avelino,d1959-eautor10aCuentos :bprimera obra narrativa de autores romanenses /cAvelino Stanley, Miguel Ángel Gómez. aSanto Domingo :bTaller,c1981. a55 p.áginas :bilustraciones ;c20 cm. ardacontentbtexto2txt ardamediabsin mediación2n ardacarrierbvolumen2nc aIncluye datos biográficos del autor en la contracubierta 0aCuentos dominicanos 0aLiteratura dominicana.1 aGómez, Miguel Ángel